000 00893nam a22002777a 4500
001 9482
003 FISKH
005 20260114095933.0
008 260114b cb ||||| |||| 00| 0 eng d
020 _a9788956354118
040 _aFISKH
_beng
_cFISKH
_dFISKH
050 _aPZ7
082 _a813
100 _aDefoe, Daniel
_eAuthor
245 _aRobinson Crusoe /
_cDaniel Defoe
260 _aSeoul :
_bXACT ,
_c2009
300 _a34 pages :
_bcolor illustrations ;
_c21 cm
490 _aMy first classic readers :
_vLevel 4-10
505 _aN
520 _aRobin Crusoe has always longed for adventure. He begins working on great ships traveling to distant lands. One day, his ship is wrecked in a storm. How will Robinson Crusoe survive?
521 8 _a570
_bLexile estimate
521 8 _aN
_bRaz-Plus
650 _aAdventure
_vExploring
942 _2ddc
_cBK
_n0
999 _c9482
_d9482